<?xml version="1.0" encoding="UTF-8"?>
<record
    xmlns:xsi="http://www.w3.org/2001/XMLSchema-instance"
    xsi:schemaLocation="http://www.loc.gov/MARC21/slim http://www.loc.gov/standards/marcxml/schema/MARC21slim.xsd"
    xmlns="http://www.loc.gov/MARC21/slim">

  <leader>01291nam a22003017a 4500</leader>
  <controlfield tag="005">20251104085625.0</controlfield>
  <controlfield tag="008">251031b        mx ||||| |||| 00| 0 spa d</controlfield>
  <datafield tag="020" ind1=" " ind2=" ">
    <subfield code="a">9786071524676</subfield>
  </datafield>
  <datafield tag="050" ind1="0" ind2="4">
    <subfield code="a">QC311</subfield>
    <subfield code="b">C46 2025</subfield>
  </datafield>
  <datafield tag="100" ind1="1" ind2=" ">
    <subfield code="a">Cengel, Yunus A.</subfield>
  </datafield>
  <datafield tag="240" ind1="1" ind2="0">
    <subfield code="a">Thermodynamics : an engineering approach.</subfield>
    <subfield code="l">Espa&#xF1;ol.</subfield>
  </datafield>
  <datafield tag="245" ind1="1" ind2="0">
    <subfield code="a">Termodin&#xE1;mica</subfield>
    <subfield code="c">/ Yunus A. Cengel, Michael A. Boles, Mehmet Kanoglu ; revisi&#xF3;n t&#xE9;cnica Jos&#xE9; Emiliano Mart&#xED;nez Ordaz,...[et al.] ; traductores Jes&#xFA;s Elmer Murrieta Murrieta, Leticia Esther Pineda Ayala. </subfield>
  </datafield>
  <datafield tag="250" ind1=" " ind2=" ">
    <subfield code="a">5a ed.</subfield>
  </datafield>
  <datafield tag="260" ind1=" " ind2=" ">
    <subfield code="a">M&#xE9;xico :</subfield>
    <subfield code="b">McGraw-Hill  Interamericana Editores,</subfield>
    <subfield code="c">2025.</subfield>
  </datafield>
  <datafield tag="300" ind1=" " ind2=" ">
    <subfield code="a">xxiii, 710 p. :</subfield>
    <subfield code="b">il. ;</subfield>
    <subfield code="c">28 cm.</subfield>
  </datafield>
  <datafield tag="500" ind1=" " ind2=" ">
    <subfield code="a">5a ed. en espa&#xF1;ol de la 10a ed. en ingl&#xE9;s</subfield>
  </datafield>
  <datafield tag="500" ind1=" " ind2=" ">
    <subfield code="a">Incluye Indice</subfield>
  </datafield>
  <datafield tag="650" ind1=" " ind2="7">
    <subfield code="2">lemb</subfield>
    <subfield code="a">Termodin&#xE1;mica</subfield>
  </datafield>
  <datafield tag="700" ind1="1" ind2=" ">
    <subfield code="a">Boles, Michael A.,</subfield>
    <subfield code="e">autor</subfield>
  </datafield>
  <datafield tag="700" ind1="1" ind2=" ">
    <subfield code="a">Kanoglu, Mehmet,</subfield>
    <subfield code="e">autor</subfield>
  </datafield>
  <datafield tag="700" ind1="1" ind2=" ">
    <subfield code="a">Mart&#xED;nez Ordaz, Jos&#xE9; Emiliano,</subfield>
    <subfield code="e">revisor t&#xE9;cnico</subfield>
  </datafield>
  <datafield tag="700" ind1="1" ind2=" ">
    <subfield code="a">Mendoza &#xC1;lvarez, Ernesto Alejandro,</subfield>
    <subfield code="e">revisor t&#xE9;cnico</subfield>
  </datafield>
  <datafield tag="700" ind1="1" ind2=" ">
    <subfield code="a">Mart&#xED;nez Qu&#xED;roz, Marisela,</subfield>
    <subfield code="e">revisor t&#xE9;cnico</subfield>
  </datafield>
  <datafield tag="700" ind1="1" ind2=" ">
    <subfield code="a">Gonz&#xE1;lez Joaqu&#xED;n, Marion C&#xE9;sar,</subfield>
    <subfield code="e">revisor t&#xE9;cnico</subfield>
  </datafield>
  <datafield tag="700" ind1="1" ind2=" ">
    <subfield code="a">Murrieta Murrieta, Jes&#xFA;s Elmer,</subfield>
    <subfield code="e">traductor</subfield>
  </datafield>
  <datafield tag="700" ind1="1" ind2=" ">
    <subfield code="a">Pineda Ayala, Leticia Esther,</subfield>
    <subfield code="e">traductor</subfield>
  </datafield>
  <datafield tag="942" ind1=" " ind2=" ">
    <subfield code="2">lcc</subfield>
    <subfield code="c">LIB</subfield>
  </datafield>
  <datafield tag="999" ind1=" " ind2=" ">
    <subfield code="c">107113</subfield>
    <subfield code="d">107113</subfield>
  </datafield>
  <datafield tag="952" ind1=" " ind2=" ">
    <subfield code="1">0</subfield>
    <subfield code="2">lcc</subfield>
    <subfield code="4">0</subfield>
    <subfield code="7">0</subfield>
    <subfield code="a">LIC-019</subfield>
    <subfield code="b">LIC-019</subfield>
    <subfield code="c">GENERAL</subfield>
    <subfield code="d">2025-10-31</subfield>
    <subfield code="e">UA</subfield>
    <subfield code="f">10a ed.</subfield>
    <subfield code="k">CNE</subfield>
    <subfield code="l">0</subfield>
    <subfield code="o">QC311 C46 2025</subfield>
    <subfield code="p">BIQO000003110</subfield>
    <subfield code="r">2025-10-31 09:17:37</subfield>
    <subfield code="t">1</subfield>
    <subfield code="v">1.00</subfield>
    <subfield code="y">LIB</subfield>
  </datafield>
  <datafield tag="952" ind1=" " ind2=" ">
    <subfield code="1">0</subfield>
    <subfield code="2">lcc</subfield>
    <subfield code="4">0</subfield>
    <subfield code="7">0</subfield>
    <subfield code="a">LIC-019</subfield>
    <subfield code="b">LIC-019</subfield>
    <subfield code="c">GENERAL</subfield>
    <subfield code="d">2025-10-31</subfield>
    <subfield code="e">UA</subfield>
    <subfield code="f">10a ed.</subfield>
    <subfield code="k">CNE</subfield>
    <subfield code="l">0</subfield>
    <subfield code="o">QC311 C46 2025</subfield>
    <subfield code="p">BIQO000003114</subfield>
    <subfield code="r">2025-10-31 09:20:02</subfield>
    <subfield code="t">2</subfield>
    <subfield code="v">1.00</subfield>
    <subfield code="y">LIB</subfield>
  </datafield>
</record>
